Responses for Show #1572 - Tuesday, June 4, 1991

Game entered from audiorecording. Missing prizes.

Contestants

[<< previous game]

David Pigott, a research assistant originally from Mission Viejo, California

Bill Blose, a clergyman originally from Bethlehem, Pennsylvania

Alec Wittek, a physician originally from Brooklyn, New York (whose 2-day cash winnings total $34,898)

[next game >>]

Jeopardy! Round responses

THE 14th CENTURY
MOVIE CHARACTERS
IN THE DICTIONARY
ANIMALS
GYMNASTICS
FAMOUS NAMES
    $100 26
Spain

Bill
    $100 11
Kramer vs. Kramer

Dave
    $100 6
a crown

Alec
    $100 1
drink (eat)

Dave
    $100 16
parallel bars

Alec
    $100 17
(Muammar) Gaddafi

Dave
    $200 27
the Bible

Alec
    $200 12
Young Frankenstein

Alec
    $200 7
clammy

Dave
    $200 2
seals

Alec
    $200 18
Nadia Comaneci

Alec
    $200 22
U.N. Secretary-General

Alec
    $1,200 28
(Alex: The papacy was in Avignon, France at that time.)

French

Alec
    $300 13
The Sound of Music

Dave
    $300 8
amphibious

Alec
    $300 3
pit vipers

Alec
    $300 19
the horse

Dave
    $300 23
(James J.) Corbett

Alec
    $400 29
the Ming Dynasty

Dave
    $400 14
Planet of the Apes

Triple Stumper
    $400 9
to paddle

Bill
    $400 4
South America

Triple Stumper
    $400 20
floor exercise

Bill
    $400 24
write children's stories

Alec
    $500 30
The Decameron

Alec
    $500 15
Sunset Boulevard

Triple Stumper
    $500 10
a suitor

Alec
    $500 5
(Alex: The Korat is a cute [*].)

cat

Triple Stumper
    $500 21
the rings

Dave
    $500 25
Bismarck

Bill

Scores at the first commercial break (after clue 15):

Alec Bill Dave
$1,600 $400 $700

Scores at the end of the Jeopardy! Round:

Alec Bill Dave
$4,700 $1,400 $2,000

Double Jeopardy! Round responses

WORLD CITIES
AMERICAN AUTHORS
ART
SCIENCE
STATE PARKS
LESS FAMOUS NAMES
    $200 1
Casablanca

Bill
    $200 11
Edgar Rice Burroughs

Alec
    $200 16
Paul Revere

Dave
    $200 6
the seeds

Bill
    $200 21
Brigham Young

Dave
    $200 30
the Great Wall (of China)

Bill
    $400 2
Mecca

Bill
    $400 12
Thoreau

Alec
    $400 17
Blue

Alec
    $400 7
an orbit

Bill
    $400 22
New York

Bill
    $400 29
Texas

Bill
    $600 3
Turin

Dave
    $600 13
(Washington) Irving

Bill
    $600 18
Currier & Ives

Bill
    $600 8
heat

Alec
    $600 23
Audubon

Dave
    $600 27
the Hope Diamond

Dave
    $800 4
Belgium

Alec
    $800 14
(Edna) Ferber

Bill
    $800 19
(Alec: What is watercolor?)
(Bill: What is portrait?)

landscape

AlecBill
Triple Stumper
    $800 9
current

Alec
    $2,000 24
(Dave: What is... Ontario?)

Lake Erie

Dave
    $800 26
continents

Bill
    $2,000 5
(Alex: Alec?)
(Alec: What is Spandau?)

Stuttgart

Alec
    $1000 15
Robert Lowell

Triple Stumper
    $1000 20
Indiana

Triple Stumper
    $1000 10
(Gregor) Mendel

Bill
    $1000 25
Kentucky

Triple Stumper
    $1000 28
Veterans Affairs

Bill

Scores at the end of the Double Jeopardy! Round:

Alec Bill Dave
$5,100 $7,600 $2,200

[wagering suggestions for these scores]

Final Jeopardy! Round responses

COUNTRIES OF THE WORLD
DaveWhat is India?
$2,200
AlecWhat is Israel?
$5,098
BillWhat is Israel?
$2,601
Israel

Final scores:

Alec Bill Dave
$10,198 $10,201 $0
2nd place New champion: $10,201 3rd place

Game dynamics:

Coryat scores:

Alec Bill Dave
$6,200 $7,600 $4,200
20 R
(including 1 DD),
2 W
(including 1 DD)
17 R,
1 W
13 R,
1 W
(including 1 DD)

Combined Coryat: $18,000

[game clues] [game scores] [suggest correction]

Game tape date: 1991-03-11
The J! Archive is created by fans, for fans. Scraping, republication, monetization, and malicious use prohibited; this site may use cookies and collect identifying information. See terms. The Jeopardy! game show and all elements thereof, including but not limited to copyright and trademark thereto, are the property of Jeopardy Productions, Inc. and are protected under law. This website is not affiliated with, sponsored by, or operated by Jeopardy Productions, Inc. Join the discussion at JBoard.tv.